Μαθήματα διαφορικών εξισώσεων : (σημειώσεις παραδόσεων)

Αποθηκεύτηκε σε:
Λεπτομέρειες βιβλιογραφικής εγγραφής
Κύριος συγγραφέας: Γεωργίου, Παύλος
Μορφή: Βιβλίο
Γλώσσα:Greek
Δημοσίευση: Αθήνα : Πανεπιστήμιο Αθηνών, 1981.
Θέματα:
Ετικέτες: Προσθήκη ετικέτας
Δεν υπάρχουν, Καταχωρήστε ετικέτα πρώτοι!

MARC

LEADER 00000cam a2200000 i 4500
001 1/96761
008 081106s1981 gr | ||| |||| ||gre||
035 |l 10101462 
040 |a GR-MyUA  |b gre  |e AACR2 
041 0 |a gre 
082 0 |a 515.35  |2 (22) 
100 1 |a Γεωργίου, Παύλος. 
245 1 0 |a Μαθήματα διαφορικών εξισώσεων :   |b (σημειώσεις παραδόσεων) /   |c Παύλος Γεωργίου.  
260 |a Αθήνα :   |b Πανεπιστήμιο Αθηνών,   |c 1981.  
300 |a 240 σ. :   |b σχέδια ;   |c 24 εκ.  
650 0 0 |a Differential equations. 
852 |a INST  |b SAMOS  |c MAG  |e 20081106  |h 515.35 ΓΕΩ  |p 005300029685  |q 005300029685  |t BK  |y 0 
901 |a BIBL3-2008-3 
909 |a Σ  |b 155295 
970 |a ΡΟΥΣΣΟΥ  |b ΚΩΝΣΤΑΝΤΙΝΑ  |z 2008/11/06